000 00359nam a2200145Ia 4500
008 230917s9999||||xx |||||||||||||| ||und||
040 _e160719
_aMAIN
041 _aEnglish
082 _a358.8 P274E
100 _aPatney, Vinod
245 0 _aEssays on aerospace power
260 _aNew Delhi
_bKnowledge World
_c2009
300 _avii, 283 p.
942 _cBK
999 _c133416
_d133416